| 000 | 01941nmm a2200205 a 4500 | ||
|---|---|---|---|
| 001 | ASINB00CIAUFGE | ||
| 005 | 20170105102928.0 | ||
| 008 | 131213s2013 xxu eng d | ||
| 040 | _a0 | ||
| 082 |
_a361.95491 _bKHA 2013 |
||
| 100 | 1 | _aKhan, Ehsan Mehmood. | |
| 245 | 1 | 0 |
_aHumen security in pakistan _h[electronic resource] / _cEhsan Mehmood Khan. |
| 250 | _a1st ed. | ||
| 260 |
_a[S.l.] : _bNarratives (Pvt) Ltd., _c2013. |
||
| 300 | _a1 online resource (371 p.) | ||
| 500 | _aKindle eBook. | ||
| 520 | _aTraditional state security came under debate soon after the end of the Cold War. An alternative concept of human security grew quickly in academic and policy circles around the world, both horizontally and vertically. Even as debate continues, a number of countries have already taken the lead in implementing a holistic consideration of their socio-security and politico-economic environment. Nevertheless, the concept of human security is neither well understood in Pakistan at conceptual and academic level nor implemented in a coherent form at the policy level. This book presents an objective evaluation of the concept, besides an honest analysis of Pakistan’s human security profile. Thus, it not only contributes to the conceptual debate on human security but analyzes the human security profile of Pakistan for the purpose of offering policy recommendations. The book is expected to interest Pakistani students, scholars, security experts and policy planners, as well as foreign readers desiring to know more about the concept of human security as applied to a specific case, Pakistan. Being a conceptual and academic book, it is recommended for inclusion in curricula at university level for the social sciences disciplines, security, strategy, international relations, political science and history. | ||
| 856 | 4 | 0 |
_3Amazon.com _uhttp://www.amazon.com/exec/obidos/ASIN/B00CIAUFGE/chopaconline-20 |
| 942 |
_2ddc _cBK |
||
| 999 |
_c15909 _d15909 |
||